[Event "ESP-ch U16 rapid"]
[Site "Salobrena"]
[Date "2023.07.30"]
[Round "6"]
[White "Martin Juste, Guillermo"]
[Black "Pinyol I Llora, Julia"]
[Result "1/2-1/2"]
[WhiteElo "1193"]
[BlackElo "1727"]
[PlyCount "163"]
[EventDate "2023.07.29"]
[EventType "swiss (rapid)"]
[EventRounds "9"]
[EventCountry "ESP"]
[SourceTitle "EXT 2024"]
[Source "ChessBase"]
[SourceDate "2023.10.10"]
[SourceVersion "1"]
[SourceVersionDate "2023.10.10"]
[SourceQuality "1"]

1. e4 c5 2. Nf3 e6 3. d4 cxd4 4. Nxd4 a6 5. Bd3 Nf6 6. Bg5 h6 7. Bh4 Be7 8. c4 Qc7 9. Nc3 d6 10. 0-0 0-0 11. Re1 Nbd7 12. Rc1 Ne5 13. f4 Nxd3 14. Qxd3 b6 15. e5 dxe5 16. fxe5 Ne8 17. Bxe7 Qxe7 18. Re3 Bb7 19. Rg3 Rd8 20. Qe3 Kh8 21. a3 Qc5 22. Nde2 Qxe3+ 23. Rxe3 Nc7 24. Na4 Rd2 25. Nxb6 Rxb2 26. Na4 Rd2 27. Nc5 Ba8 28. Ne4 Bxe4 29. Rxe4 Rb8 30. Kf1 Rbb2 31. Ke1 Kg8 32. Rd1 Rxd1+ 33. Kxd1 Rb3 34. Rd4 Kf8 35. Rd7 Ne8 36. Kc2 Rxa3 37. c5 Ra5 38. Kd3 Rxc5 39. Ra7 Rxe5 40. Rxa6 Rd5+ 41. Ke4 Nf6+ 42. Kf3 e5 43. Ra8+ Ke7 44. Ra7+ Rd7 45. Ra5 e4+ 46. Kf4 Rd2 47. Ke3 Rd5 48. Ra7+ Rd7 49. Ra4 Rc7 50. Nd4 Rc3+ 51. Kf2 e3+ 52. Ke2 Nd5 53. Ra7+ Kf6 54. Ra6+ Kg5 55. Ra5 Kf4 56. Rxd5 g6 57. g3+ Ke4 58. Rd7 Ra3 59. Nc2 Ra2 60. Re7+ Kd5 61. Kd3 Rb2 62. Rxe3 Rb3+ 63. Ke2 Rb2 64. Kd2 Kc4 65. Re4+ Kd5 66. Rf4 f5 67. Kd3 Rb3+ 68. Kd2 Rb2 69. Ra4 Ke5 70. Kc3 Rb1 71. Ra2 Rg1 72. Nb4 f4 73. gxf4+ Kxf4 74. Nd3+ Kg5 75. Ne5 Rf1 76. Rg2+ Kh4 77. Nxg6+ Kh3 78. Rd2 Rh1 79. Nf4+ Kg4 80. Nd5 Kh3 81. Nf4+ Kg4 82. Rf2 1/2-1/2